Math ideas and life applications / (Record no. 5425)

MARC details
000 -LEADER
fixed length control field 00675nam a22002177a 4500
003 - CONTROL NUMBER IDENTIFIER
control field OSt
005 - DATE AND TIME OF LATEST TRANSACTION
control field 20251104035028.0
008 - FIXED-LENGTH DATA ELEMENTS--GENERAL INFORMATION
fixed length control field 251104b |||||||| |||| 00| 0 eng d
020 ## - INTERNATIONAL STANDARD BOOK NUMBER
International Standard Book Number 978-621-405-169-4
040 ## - CATALOGING SOURCE
Original cataloging agency DWCL - Main Lib
Transcribing agency OC
082 ## - DEWEY DECIMAL CLASSIFICATION NUMBER
Edition number 2nd
Classification number Fil. 510 M426 2017
Item number c1
100 ## - MAIN ENTRY--PERSONAL NAME
Personal name Pascacio, Arlene A.
245 ## - TITLE STATEMENT
Title Math ideas and life applications /
Statement of responsibility, etc. Arlene A. Pascacio
260 ## - PUBLICATION, DISTRIBUTION, ETC.
Place of publication, distribution, etc. Quezon city, Manila :
Name of publisher, distributor, etc. Abiva Publishing,
Date of publication, distribution, etc. c2017
300 ## - PHYSICAL DESCRIPTION
Extent iv, 543 pages :
Other physical details colored illustrations ;
Dimensions 25 cm.
504 ## - BIBLIOGRAPHY, ETC. NOTE
Bibliography, etc. note I.Includes glossary
504 ## - BIBLIOGRAPHY, ETC. NOTE
Bibliography, etc. note II.Index
504 ## - BIBLIOGRAPHY, ETC. NOTE
Bibliography, etc. note III.Bibliography
650 ## - SUBJECT ADDED ENTRY--TOPICAL TERM
Source of heading or term 1.Mathematics
942 ## - ADDED ENTRY ELEMENTS (KOHA)
Source of classification or shelving scheme Dewey Decimal Classification
Koha item type Book-Filipiniana
Edition 2nd
Call number suffix Fil.
Suppress in OPAC No
952 ## - LOCATION AND ITEM INFORMATION (KOHA)
--
952 ## - LOCATION AND ITEM INFORMATION (KOHA)
--
Holdings
Withdrawn status Lost status Source of classification or shelving scheme Damaged status Not for loan Home library Current library Shelving location Date acquired Source of acquisition Total Checkouts Full call number Barcode Date last seen Copy number Price effective from Koha item type Uniform Resource Identifier
    Dewey Decimal Classification     Junior High School Library Junior High School Library Filipiniana 11/04/2025 Library Fund   Fil. 510 M426 2017 JHS - 20950 11/04/2025 c1 11/04/2025 BK - FIL
    Dewey Decimal Classification     Junior High School Library Junior High School Library Filipiniana 11/04/2025 Library Fund   Fil. 510 M426 2017 JHS - 20949 11/04/2025 c1 11/04/2025 BK - FIL